书目信息 |
| 题名: |
报告文学的艺术
|
|
| 作者: | 张德明 著 | |
| 分册: | ||
| 出版信息: | 上海 复旦大学出版社 1984 |
|
| 页数: | 356页 | |
| 开本: | 19cm | |
| 丛书名: | 复旦小丛书 | |
| 单 册: | ||
| 中图分类: | I055 | |
| 科图分类: | ||
| 主题词: | 文学理论--各体 , 创作方法--各体 | |
| 电子资源: | ||
| ISBN: | ||
| 000 | 00719nam2 2200277 45 | |
| 001 | 0184005468 | |
| 005 | 20040428162327.8 | |
| 010 | @dCNY1.48 | |
| 091 | @a10253.013 | |
| 100 | @a19951024d1984 em y0chiy0121 ea | |
| 101 | 0 | @achi |
| 102 | @aCN@b310000 | |
| 105 | @ay z 000yy | |
| 106 | @ar | |
| 200 | 10 | @a报告文学的艺术@Abao gao wen xue de yi shu@f张德明著 |
| 210 | @a上海@c复旦大学出版社@d1984 | |
| 215 | @a356页@d19cm | |
| 225 | 2 | @a复旦小丛书 |
| 410 | 0 | @120010@a复旦小丛书 |
| 606 | 0 | @a文学理论@x各体 |
| 606 | 0 | @a创作方法@x各体 |
| 690 | @aI055@v3 | |
| 701 | 0 | @a张德明@4著@Azhang de ming |
| 801 | 0 | @aCN@b深圳图书馆@c20040428 |
| 801 | 2 | @aCN@bNLC@c20040428 |
| 905 | @dI055@e39@f5@b255269-273 | |
| 报告文学的艺术/张德明著.-上海:复旦大学出版社,1984 |
| 356页;19cm.-(复旦小丛书) |
| ISBN :CNY1.48 |
| ● |
| 相关链接 |
|
|
|
|
正题名:报告文学的艺术
索取号:I055/39
 
预约/预借
| 序号 | 登录号 | 条形码 | 馆藏地/架位号 | 状态 | 备注 |
| 1 | 0255269 | 000908263 | 密集书库/ [索取号:I055/39] | 在馆 | |
| 2 | 0255270 | 000908227 | 密集书库/ [索取号:I055/39] | 在馆 | |
| 3 | 0255271 | 000908183 | 密集书库/ [索取号:I055/39] | 在馆 | |
| 4 | 0255272 | 000908469 | 密集书库/ [索取号:I055/39] | 在馆 | |
| 5 | 0255273 | 000908423 | 第二借阅区/ [索取号:I055/39] | 在馆 |